00786nam a2200241Ia 450000100060000000300090000600800410001504000130005604000130006904100130008210000290009510000290012424500240015324500300017725000110020726000090021826000100022726000490023730000390028650001590032565000290048465000310051316822IT-RoPAU130308s9999 xx 000 0 und d aIT-RoPAU cIT-RoPAU aSPAGNOLO aGonzalez Alonso Cristina gCodice Aut. SPICS: 31805 aProgramas musicales bRicerche Sulla Radiofonia a1a ed. aROMA bSPICS c1984 [1° Ed.:1984 - Ed.Ling.Originale:1984] a"9 p. (prefazione: no ; testo: 9)" aProgrammi Musicali Musica Linguaggio Universale Discoteca Concerti rassegna Musicale Differenti Tipi di programmi Musicali futuro della Musica nella Radio aELABORATI STUDENTI SPICS eCodice materia Spics: 9905